| 000 | 00866nam a2200265Ia 4500 | ||
|---|---|---|---|
| 008 | 130821s1984 sp gr spa | ||
| 020 | _a721646395 | ||
| 040 |
_aCo-BoUCM _bspa |
||
| 041 | 0 | 0 | _aspa |
| 060 |
_aQU 25 _bB518d 7a. ed. _21984 |
||
| 100 | _aBernard Henry, John | ||
| 245 | 0 | 0 |
_aDiagnóstico y tratamiento clínicos por el laboratorio _cJohn Bernard Henry |
| 250 | _a7 ed | ||
| 260 |
_aBarcelona (España) _bSalvat editores _c1984 |
||
| 300 | _a2 volúmenes | ||
| 650 | 0 | 4 |
_aBacteriología médica _99892 |
| 650 | 0 | 4 |
_aBacteriología _99890 |
| 650 | 0 | 4 |
_aBioquímica _910154 |
| 650 | 0 | 4 |
_aDiagnóstico _913137 |
| 650 | 0 | 4 |
_aLaboratorios clínicos _918239 |
| 650 | 0 | 4 |
_aLaboratorios clínicos _xAdministración |
| 650 | 0 | 4 |
_aMicrobiología médica _919483 |
| 650 | 0 | 4 |
_aQuímica clínica _922985 |
| 942 |
_cLIBRO _a15 _e7 _mB518D _2NLM _hQU 25 _n0 |
||
| 999 |
_c79404 _d79404 |
||